Dienoraštis

Titel: Dienoraštis / Mykolas Römeris. Lietuvos Istorijos Institutas
Teil: [5]. 1921 m. sausio 13-oji - lapkričio 7-oji
Verfasser:
Veröffentlicht: Vilnius : Versus Aureus, 2012
Umfang: 458 S.
Format: Buch
Sprache: Litauisch
Schriftenreihe/
mehrbändiges Werk:
Dienoraštis / Mykolas Römeris. Lietuvos Istorijos Institutas ; [5]
alle Bände anzeigen
ISBN: 9789955343608
Buchumschlag
X
Lokale Klassifikation: 2 R 1110
alg: 31341537
001A    $03004:26-11-12 
001B    $01999:06-12-12 $t09:53:20.000 
001C    $03004:26-11-12 $t14:10:58.000 
001D    $03004:26-11-12 
001U    $0utf8 
001X    $00 
002@    $0Afu 
003@    $0313415374 
004A    $A978-9955-34-360-8 
007A    $0313415374 $aHEB 
007G    $0DE0206B1CC3938B06CC23C1257ACB0049CC7D 
009P    $qapplication/pdf $A2 $3Inhaltsverzeichnis $uhttp://scans.hebis.de/HEBCGI/show.pl?31341537_toc.pdf $mV:DE-603;B:DE-Mb50 
010@    $alit 
011@    $a2012 
021A    $a1921 m. sausio 13-oji - lapkričio 7-oji 
028A    $#Rëmeris, Mikolas $#Rėmeris, Mykolas $#Roemer'is, Mykolas $#Römer, M. $#Römer, M. von $#Römer, Michael $#Römer, Michail $#Römer, Michał $#Römer, Michał Pius $#Römer, Michal Pius Paskalis von $#Römeris, M. $#Römeris, Mykolas Pijus Paskalis von $#Romeris, Mikolas $#Romeris, Mykolas $#Remeris, Mikolas $7119478560 $8Römeris, Mykolas$Z1880-1945 [Tp1] $9087818248 
033A    $pVilnius $nVersus Aureus 
034D    $a458 S. 
036C    $aDienoraštis $x15 $hMykolas Römeris. Lietuvos Istorijos Institutas $l[5] 
036D    $x15 $8Dienoraštis / Mykolas Römeris. Lietuvos Istorijos Institutas $922936005X 

lok: 31341537 24
101B    $026-11-12 $t14:10:58.000 
101C    $026-11-12 
101U    $0utf8 
145Z/01 $a2 R 1110 

exp: 31341537 24 1 #EPN
201B/01 $026-11-12 $t14:10:58.000 
201C/01 $026-11-12 
201U/01 $0utf8 
203@/01 $0658062409 
208@/01 $a26-11-12 $bz 
209A/01 $a12.08337 $du $f050 $h12 08337 $x00 
209C/01 $a12.08337 K $h12 08337 K 
209G/01 $a73122848 $x00 
220C/01 $amar 
244Z/01 $#Rëmeris, Mikolas $#Rėmeris, Mykolas $#Roemer'is, Mykolas $#Römer, M. $#Römer, M. von $#Römer, Michael $#Römer, Michail $#Römer, Michał $#Römer, Michał Pius $#Römer, Michal Pius Paskalis von $#Römeris, M. $#Römeris, Mykolas Pijus Paskalis von $#Romeris, Mikolas $#Romeris, Mykolas $#Remeris, Mikolas $7119478560 $8--Tp1--Römeris, Mykolas$Z1880-1945 $x01 $9087818248 
247C/01 $8358050-7 Marburg, Bibliothek des Herder-Instituts Marburg $9102600961 

lok: 31341537 78

exp: 31341537 78 1 #EPN
201B/01 $006-11-22 $t16:00:43.000 
201C/01 $006-11-22 
201U/01 $0utf8 
203@/01 $01218035196 
208@/01 $a06-11-22 $be 
209A/01 $a/ $f000 $x00 
209A/01 $ab*p $x01 
220C/01 $apgar 
244Z/01 $#Litauen $#Litauen $#Lithuania $#Lietuvos Respublika $#République Lithuanienne $#Lithuanie $#Litva 1918 - 1940, 1991, 9 - $#Litovskaja Respublika $#Lithuania 1918 - 1940, 1991, 9 - $#Republik Litauen $#Republic of Lithuania $#Lithuanian Republic $#Litauische Republik $#Lietuva $74074266-0 $8--Tg1--Litauen $x01 $9085209074 
247C/01 $82080>Marburg/Lahn, Herder-Institut, Forschungsbibliothek, Bibliographieportal $9336309341
LEADER 00000cam a2200000 cc4500
001 313415374
003 DE-603
005 20121206095320.0
007 tu
008 121126s2012 xx |||| | u00||u|lit c
020 |a 9789955343608 
035 |a (DE-599)HEB313415374 
040 |a DE-603  |b ger  |c DE-603  |d DE-603 
041 |a lit 
100 1 |a Römeris, Mykolas  |d 1880-1945  |0 (DE-603)087818248  |0 (DE-588)119478560  |2 gnd 
245 0 0 |a Dienoraštis  |n [5]  |p 1921 m. sausio 13-oji - lapkričio 7-oji  |c Mykolas Römeris. Lietuvos Istorijos Institutas 
264 1 |a Vilnius  |b Versus Aureus  |c 2012 
300 |a 458 S. 
773 0 8 |q 15  |w (DE-603)22936005X 
856 4 2 |m V:DE-603;B:DE-Mb50  |q application/pdf  |u http://scans.hebis.de/HEBCGI/show.pl?31341537_toc.pdf  |3 Inhaltsverzeichnis 
924 0 |9 Mb 50  |a (DE-603)658062409  |b DE-Mb50  |c HES  |d c  |g 12.08337 
924 0 |9 2080  |a (DE-603)1218035196  |b DE-2080  |c HES  |d d  |g /